00968nam a2200277 i 4500003000900000005001700009007000300026008004100029040003000070082001300100100003800113245008300151250001200234264004200246300002100288336002700309337003300336338002800369590002800397650004600425650004800471910001500519942001400534952012500548999001700673DO-SdBNP20240305130443.0ta230420b2006 dr ||||| |||| 00| 0 spa d aDO-SdBNPbspacBNPHUerda 4222b20061 aIsa Conde, Narciso,d1942-91238710aRescatar sus enseñanzas :bpara que Abril tenga futuro /cNarciso Isa Conde. a2a. ed. aSanto Domingo :bPubliguías,c2006. a70 p. :c22 cm.  2rdacontentatextobtxt 2sin mediaciónanbrdamedia 2rdacarrieravolumenbnc aInventariado, 2023/BT  4aSocialismozRepública Dominicana979073 4aRevolucioneszRepública Dominicana979074 aBtavárez 2ddccLBS1 00102ddc51708PDaBNPHUbBNPHUcCTd2023-04-20eDonaciónl0oBNPHU PD 2006p2023-1465r2023-04-20w2023-04-20yLBS1 c53325d53325